Orange is the new black. Stagione 3 /

Bewaard in:
Bibliografische gegevens
Andere auteurs: Rose, Ruby (Acteur), Kohan, Jenji Leslie (Conceptor), Prepon, Laura (Acteur), Schilling, Taylor (Acteur), Aduba, Uzo (Acteur), Polanco, Dascha (Acteur), Mulgrew, Kate (Acteur)
Formaat: Thesis Dia
Taal:Italiaans
Meerdere talen
Gepubliceerd in: Italia : Sony Pictures Home Entertainment, c2017
Tags: Voeg label toe
Geen labels, Wees de eerste die dit record labelt!

MARC

LEADER 00000ngm a22000007i 4500
001 IT\ICCU\UBO\4291155
003 ItRI
005 20260222193320.0
008 180117s2017 it |||||||||||||||k|||||c
024 3 1 |a 5053083139674 
028 4 2 |a DV8313967  |b Sony Pictures 
040 |b ita  |c ct 
041 7 |a ita  |a mul  |2 ISO-639-2 
130 0 |a Orange is the new black <serie tv ; 2013> 
245 0 0 |a Orange is the new black. Stagione 3 /  |c [ideatore Jenji kohan ; con Taylor Schilling, Laura Prepon, Uzo Aduba ... et al.]. 
260 |a Italia :  |b Sony Pictures Home Entertainment,  |c c2017 
300 |a 5 DVD-video (752 min) :  |b a colori, PAL ;  |c 12 cm 
500 |a In contenitore, 19 cm 
500 |a Caratteristiche tecniche: regione 2, 4, 5; 1.78:1; Dolby digital 5.1; color 
500 |a Titolo del contenitore 
500 |a Produzione televisiva: USA, 2015 
500 |a c2015, 2016 Lions Gate 
500 |a Lingua: italiano, inglese, francese, polacco, spagnolo; sottotitoli: italiano, danese, finlandese, francese, norvegese, polacco, spagnolo, svedese, inglese per non vedenti 
500 |a Visione in presenza di un adulto 
502 |a Episodi: 1. Festa della mamma; 2. Cimici e altro; 3. L'empatia uccide l'erezione; 4. Dito nella fica; 5. Contraffazioni; 6. Ching chong chang; 7. Ammutoliti; 8. Paura e altri odori; 9. Dov'è il mio dreidel; 10. Tettine e peli; 11. Possiamo essere eroi; 12. Non farmi tornare lì; 13. Non fidarti delle puttane. - Contenuti speciali: I blooper; I dossier riservati: conosciamo il cast; Sophia: il nuovo inizio di Laverne Cox; Commenti 
700 1 |a Rose, Ruby  |0 IT\ICCU\LO1V\450546  |4 act 
700 1 |a Kohan, Jenji Leslie  |0 IT\ICCU\LO1V\471918  |4 ccp 
700 1 |a Prepon, Laura  |0 IT\ICCU\RAVV\692531  |4 act 
700 1 |a Schilling, Taylor  |0 IT\ICCU\RCAV\261291  |4 act 
700 1 |a Aduba, Uzo  |0 IT\ICCU\TO1V\003664  |4 act 
700 1 |a Polanco, Dascha  |0 IT\ICCU\TO1V\003669  |4 act 
700 1 |a Mulgrew, Kate  |0 IT\ICCU\UBOV\795120  |4 act 
710 2 |a Sony Pictures Home Entertainment  |0 IT\ICCU\RCAV\218460  |4 pbl 
942 |2 ddc  |c VM 
952 |0 0  |1 0  |2 ddc  |4 0  |6 VO_2295_000000000000000  |7 0  |9 33149  |a BO  |b BO  |d 2026-02-22  |i 18629  |l 0  |o VO 2295  |p BO18629  |r 2026-02-22 19:34:32  |t DVD 1  |w 2026-02-22  |y VM 
952 |0 0  |1 0  |2 ddc  |4 0  |6 VO_2295_000000000000000  |7 0  |9 33150  |a BO  |b BO  |d 2026-02-22  |i 18630  |l 0  |o VO 2295  |p BO18630  |r 2026-02-22 19:35:54  |t DVD 2  |w 2026-02-22  |y VM 
952 |0 0  |1 0  |2 ddc  |4 0  |6 VO_2295_000000000000000  |7 1  |9 33151  |a BO  |b BO  |d 2026-02-22  |i 18631  |l 0  |o VO 2295  |p BO18631  |r 2026-02-22 19:37:00  |t DVD 3  |w 2026-02-22  |y VM 
952 |0 0  |1 0  |2 ddc  |4 0  |6 VO_2295_000000000000000  |7 0  |9 33152  |a BO  |b BO  |d 2026-02-22  |i 18632  |l 0  |o VO 2295  |p BO18632  |r 2026-02-22 19:38:54  |t DVD 4  |w 2026-02-22  |y VM 
952 |0 0  |1 0  |2 ddc  |4 0  |6 VO_2295_000000000000000  |7 0  |9 33153  |a BO  |b BO  |d 2026-02-22  |i 18633  |l 0  |o VO 2295  |p BO18633  |r 2026-02-22 19:40:56  |t DVD 5  |w 2026-02-22  |y VM 
999 |c 28809  |d 28809